101 freaky animals / (Record no. 114948)
[ view plain ]
| 000 -LEADER | |
|---|---|
| fixed length control field | 00639nam a2200157 a 4500 |
| 005 - DATE AND TIME OF LATEST TRANSACTION | |
| control field | 20140414132117.0 |
| 008 - FIXED-LENGTH DATA ELEMENTS--GENERAL INFORMATION | |
| fixed length control field | 111026s19uu xx 00 eng d |
| 020 ## - INTERNATIONAL STANDARD BOOK NUMBER | |
| International Standard Book Number | 9780545237581 |
| 050 ## - LIBRARY OF CONGRESS CALL NUMBER | |
| Classification number | M 590 |
| Item number | B41 2010 |
| 100 ## - MAIN ENTRY--PERSONAL NAME | |
| Personal name | Berger, Melvin. |
| 245 ## - TITLE STATEMENT | |
| Title | 101 freaky animals / |
| Statement of responsibility, etc | by Melvin & Gilda Berger. |
| 260 ## - PUBLICATION, DISTRIBUTION, ETC. (IMPRINT) | |
| Place of publication, distribution, etc | New York, NY : |
| Name of publisher, distributor, etc | Scholastic, |
| Date of publication, distribution, etc | c2010. |
| 520 ## - SUMMARY, ETC. | |
| Summary, etc | Presents over one hundred interesting facts about animals from around the world, including armadillos, cuttlefish, giant clams, sharks, scorpions, and meerkats. -- Source other than Library of Congress. |
| 650 ## - SUBJECT ADDED ENTRY--TOPICAL TERM | |
| Topical term or geographic name as entry element | Animals -- |
| General subdivision | Juvenile literature. |
| Withdrawn status | Lost status | Damaged status | Use restrictions | Home library | Current library | Shelving location | Date acquired | Source of acquisition | Cost, normal purchase price | Total Checkouts | Full call number | Barcode | Date last seen | Price effective from | Koha item type |
|---|---|---|---|---|---|---|---|---|---|---|---|---|---|---|---|
| Munich Library | Munich Library | Main Section | 10/26/2011 | 360.00 | M 590 B41 2010 | M6890 | 04/14/2014 | 04/14/2014 | Books |